004010000a220010900045001000021000002450084000213000045001057730026001509420008001769520090001849990017002741 aGarrett, Roberto10aPrimera de Pedro y la adoración : La composición literaria de la Epístola aNum. 20 (Octubre, 1982), Páginas 20-300 tDiálogo teológico cANA 001040708HEMaFUSBCbFUSBCd2016-01-26l0o r2016-01-26 00:00:00w2016-01-26yANA c53323d53323